000 00628nam a2200277Ia 4500
005 20260324135106.0
008 008 260324s9999 xx 000 0 eng d
020 _a9781315847658
037 _aEBOOK
040 _aCRL
040 _beng
040 _cCRL
041 _2eng
041 _aeng
084 _qCRL
100 _aJulie Wallbank
_91199308
245 0 _aChallenging Motherhood(s)
260 _bTaylor and Francis
260 _c2001
365 _a
365 _b290
856 _uhttp://www.taylorfrancis.com/books/9781315847658
942 _cEBOOK
999 _c1800034
_d1800034